000 00727nam a2200205Ia 4500
003 GCL
008 140319s9999 xx 000 0 ara d
040 _aGCL /
_cGCL
082 0 4 _aط
_b004
_bم ك
100 1 _aمحمد عمر
245 1 0 _aالكمبيوتر للجميع : اجهزة الكمبيوتر /
_cمحمد عمر
700 1 _aمحمد سليمان
250 _aالاولى
260 _aالقاهرة :
_bمؤسسة الخليج العربى ،
_c1990
300 _a22ص ؛
_c19سم
490 _aالكمبيوتر للجميع
_v0
650 0 4 _aالحاسبات الالكترونية
650 0 4 _aالحاسبات الالكترونية - اجهزة الادخال والاخراج
942 _2ddc
_cBK
999 _c9116
_d9116